[Event "Gashimov Memorial 2nd"]
[Site "Shamkir"]
[Date "2015.04.20"]
[Round "4"]
[White "Vachier Lagrave, Maxime"]
[Black "Caruana, Fabiano"]
[Result "1/2-1/2"]
[WhiteElo "2765"]
[BlackElo "2802"]
[Annotator "Havasi,G"]
[PlyCount "78"]
[EventDate "2015.04.17"]
[EventType "tourn"]
[EventRounds "9"]
[EventCountry "AZE"]
[EventCategory "21"]
[SourceTitle "CBM 166"]
[Source "ChessBase"]
[SourceDate "2015.05.11"]
[SourceVersion "1"]
[SourceVersionDate "2015.05.11"]
[SourceQuality "1"]

1. d4 Nf6 2. c4 g6 3. Nc3 d5 4. cxd5 Nxd5 5. Na4 e5 $5 (5... Bg7 {is the most
popular move.}) 6. dxe5 Nc6 (6... Bb4+ {is the other line} 7. Bd2 Ne3 8. fxe3
Bxd2+ 9. Qxd2 Qh4+ 10. g3 Qxa4 {, when the position is unclear, but White
might be better.}) 7. a3 (7. Nf3 Bg4 $13 (7... Ndb4 8. a3 Qxd1+ 9. Kxd1 Nd5 {
with compension for Black, as he is going to win the P back.})) 7... Nxe5 8. e4
Nb6 9. Qxd8+ Kxd8 10. Bg5+ (10. Bf4 Bd6 $11) 10... Be7 11. O-O-O+ Ke8 12. Bxe7
$146 (12. Bf4 Bd6 13. Nxb6 axb6 $11 {1-0 (29) Bu,X (2607)-Sasikiran,K (2657)
ICC INT 2005}) 12... Kxe7 $11 {Black has equalised, he is even slightly better.
} 13. Nc5 Nbd7 $1 {Exchanging the active N is logical.} 14. Nxd7 (14. Nd3 Rd8
$15 (14... Nxd3+ 15. Bxd3 {transposes to the game.})) 14... Nxd7 (14... Bxd7
$15 {is much more natural} 15. f4 Ng4) 15. Bd3 (15. Ne2 $11 {is better, as N's
can be measured better, than the B's}) 15... Ne5 16. Ne2 Ng4 17. Rdf1 Rd8 18.
Nf4 c6 {Black defends the d5-square.} 19. Be2 Rd4 (19... h5 $132 {preparing
for Bxg4, Black still has a very little initiative.}) (19... f5 $132 20. Bxg4
fxg4) 20. Bxg4 Bxg4 21. f3 Be6 22. Rd1 Rxd1+ 23. Rxd1 $11 {The game is equal.
Black has a B, but this isn't a decisive factor.} Bc4 24. Kc2 Rd8 25. Rxd8 Kxd8
26. Nd3 Ke7 27. b3 Bxd3+ {From now on, the players are trying to lock the
position.} (27... Ba6 {keeping the B is also good} 28. b4 b6 $11) 28. Kxd3 $11
Kd6 29. f4 h5 30. g3 b5 31. Kd4 c5+ 32. Kc3 f5 33. e5+ Kd5 34. b4 c4 35. h4 a6
36. Kc2 Ke6 37. Kc3 Kd5 38. Kc2 Ke6 39. Kc3 Kd5 1/2-1/2

[Event "Khanty-Mansiysk FIDE GP"]
[Site "Khanty-Mansiysk"]
[Date "2015.05.14"]
[Round "1"]
[White "Caruana, Fabiano"]
[Black "Dominguez Perez, Leinier"]
[Result "1/2-1/2"]
[WhiteElo "2803"]
[BlackElo "2734"]
[Annotator "Marin,M"]
[PlyCount "80"]
[EventDate "2015.05.14"]
[EventType "tourn"]
[EventRounds "11"]
[EventCountry "RUS"]
[EventCategory "21"]
[SourceTitle "CBM 167"]
[Source "ChessBase"]
[SourceDate "2015.07.13"]
[SourceVersion "1"]
[SourceVersionDate "2015.07.13"]
[SourceQuality "1"]

1. e4 {[%emt 0:00:35]} e5 {[%emt 0:00:47]} 2. Nf3 {[%emt 0:00:35]} Nc6 {
[%emt 0:00:36]} 3. Bb5 {[%emt 0:00:33]} Nf6 {[%emt 0:00:54]} 4. O-O {[%emt 0:
00:52]} Nxe4 {[%emt 0:00:39]} 5. d4 {[%emt 0:00:35]} Nd6 {[%emt 0:00:43]} 6.
Bxc6 {[%emt 0:00:35]} dxc6 {[%emt 0:00:35]} 7. dxe5 {[%emt 0:00:37]} Nf5 {
[%emt 0:00:36]} 8. Qxd8+ {[%emt 0:00:35]} Kxd8 {[%emt 0:00:37] It takes some
courage to play this way against the Berlin's greatest slayer, but as we will
see Dominguez did not come to the game empty-handed.} 9. h3 {[%emt 0:00:43]} h6
{[%emt 0:02:21]} 10. Rd1+ {[%emt 0:01:04] This is a very committal move, since
the rooks should in principle stay on e1 and d1.} ({Against the more natural} 
10. Nc3 {Black usually transfers his king to the queenside with} Bd7 {as in
the dramatical World championship game Carlsen,M (2863)-Anand,V (2792) Sochi
2014 CBM 164 [Nielsen,PH] (1-0, 45)}) 10... Ke8 {[%emt 0:00:37]} ({The king
has to stay in the centre, being slightly exposed to X-ray attacks along the
e-file and offering the rooks fewer or no chance to re-connect along the back
rank. In certain cases, this could prove a higher committment than the rooks'
temporary misplacement.The blunder} 10... Bd7 $2 {has been played in just one
game so far:} 11. g4 ({An important intermediate move before delivering the
small tactical blow. The immediate} 11. e6 {is less clear:} fxe6 12. Ne5 Ke8 {
13.Nxd7 Rd8 or} 13. Rxd7 Bd6 14. Rxd6 cxd6) 11... Ne7 12. e6 {Djukic,N (2551)
-Jovicic,J SRB-chT Kragujevac 2013 (9.5) 1-0} {Black resigned in view of} fxe6
13. Ne5 {[%csl Gd7,Gh8][%cal Ge5f7]}) 11. Nc3 {[%emt 0:01:00]} Ne7 {[%emt 0:00:
38] Caruana is known for making the best of the kingside expansion with g2-g4,
so Dominguez decides to remove the knight from the unstable position at once.}
({Caruana had twice faced} 11... Bd7 {over the past years:} 12. Bf4 Rd8 13. Ne4
(13. e6 Bxe6 14. Bxc7 {offered White very little after} Rxd1+ 15. Rxd1 Be7 16.
g4 Nh4 17. Nd4 Bd7 $11 {Caruana,F (2779)-Ponomariov,R (2756) Elancourt 2013
CBM 157 [ChessBase Website] (1/2-1/2, 46)}) 13... Be7 14. g4 Nh4 15. Nxh4 Bxh4
16. Kg2 Be6 17. f3 b6 18. b3 c5 19. c4 Rd7 20. Bg3 Be7 21. Rxd7 Bxd7 22. Nc3
Kd8 23. Nd5 Re8 24. Rd1 Kc8 25. Nxc7 $16 {Caruana,F (2783)-Carlsen,M (2881)
Shamkir 2014 CBM 160 [Caruana,F] (1-0, 53), and White converted his extra-pawn
confidently.}) 12. Bf4 {[%emt 0:01:06]} Ng6 {[%emt 0:00:38]} 13. Bh2 {[%emt 0:
00:55]} Be7 {[%emt 0:00:41]} ({Deviating from another Caruana-Carlsen game:} 
13... Bb4 14. Ne2 Be7 15. Nfd4 Nf8 16. g4 ({With the rooks still misplaced,
this will prove premature. It would have made sense to play} 16. Rd2 $5 {
followed by either Re1 or R1d1.}) 16... h5 $1 17. Nf5 Ne6 18. Kg2 b6 19. f3 c5
20. Bg3 Bg5 $5 (20... hxg4 21. hxg4 Bg5 {also looks OK, since the opening of
the h-file is not dangerous for Black:} 22. Rh1 Rxh1 23. Rxh1 Bb7 $11) 21. h4 {
Not really a piece sacrifice, since play ends in a draw by repetition by force.
} hxg4 $1 22. hxg5 gxf3+ 23. Kxf3 Nxg5+ 24. Kf4 (24. Kg4 $6 Nh3 $1 {[%cal
Gg7g6]} 25. e6 $8 Bxe6 26. Nf4 g6 27. Nxe6 gxf5+ 28. Kxf5 fxe6+ 29. Kg4 e5 $1
$15 {[%csl Rf2][%cal Gh3f4]}) 24... Nh3+ {1/2-1/2 (26) Caruana,F (2811)
-Carlsen,M (2865) Baden-Baden 2015} 25. Ke4 Ng5+ 26. Kf4 Nh3+ {1/2-1/2 (26)
Caruana,F (2811)-Carlsen,M (2865) Baden-Baden 2015}) 14. Nd4 {[%emt 0:03:55]}
Nf8 $146 {[%emt 0:00:55] A well timed regrouping, anticipating White's Re1.} ({
After} 14... Bd7 15. Re1 {Black suddenly fears some problems:} Bb4 (15... Nf8
16. e6 $1 Nxe6 17. Nf5 Kd8 (17... Rc8 18. Rad1 Rg8 19. Ne4 b6 20. Be5 $36) 18.
Nxe7 Kxe7 19. Bxc7 Rhc8 20. Bg3 $14 {[%csl Rd6][%cal Gc3e4,Gf2f4,Ga1d1]}) 16.
e6 $1 fxe6 17. Nxe6 Kf7 (17... Bxe6 18. Rxe6+ Kf7 19. Re3 $14 {[%csl Rc7,Gf2,
Gg2,Gh3] The c7-pawn needs permanent defence while the white kingside majority
promises an advantage in all kind of endings.}) 18. Nxc7 Rad8 19. Re4 Bxc3 20.
bxc3 {Piorun,K (2513)-Miton,K (2616) Warsaw 2011 (1-0, 35), White has won a
pawn and the c7-knight is impossible to endanger, as it is safely defended by
the bishop.}) 15. Rd3 {[%emt 0:14:58] After having completed the development
of all other pieces, Caruana hurries to correct the rooks' position.} h5 {
[%emt 0:02:02]} (15... Ne6 16. Nce2 h5 {would be another possible move order.})
16. Re1 {[%emt 0:20:11] By creating the potential threat e5-e6, White intends
to provoke ...Ne6, after which his central knight will get the f5-square.} ({
However, this could have been achieved with} 16. Rad1 {, too,. True, it is not
clear whether the tempo saved with respect to the game would offer White
anything concrete.} Ne6 (16... Bd7 $6 {would still run into} 17. e6 Nxe6 18.
Nf5 Bc8 19. Re1 $36) 17. Nce2 c5 18. Nf5 h4 19. Nc3 Rh5 20. Ne3 b6 21. Ncd5 Bb7
22. Nxe7 Kxe7 23. Rd7+ Ke8 {with no obvious problems for Black.}) 16... Ne6 {
[%emt 0:27:13]} (16... Bd7 $6 17. e6 $1 Nxe6 (17... Bxe6 18. Bxc7 Rc8 19. Be5
Rg8 20. Nce2 $16 {[%cal Ge2f4]}) 18. Nf5 $36 {[%cal Gh2c7] In this line Black
seems to have an extra tempo over the similar one above, but in fact the
bishop is more exposed on d7 than o c8, making things by one tempo worse for
him!} g6 (18... Rc8 19. Red1 Nc5 20. Nxg7+ Kf8 21. Rxd7 Nxd7 22. Rxd7 Kxg7 23.
Rxe7 $18) 19. Be5 f6 (19... Rg8 20. Nxe7 Kxe7 21. Ne4 $40) 20. Nxe7 Kxe7 21.
Bxf6+ Kxf6 22. Rxd7 $16) 17. Nce2 {[%emt 0:08:50] Maintaining the tension
around the e6-file and inviting Black to give up the control over the d5- and
b5-squares.} c5 {[%emt 0:05:06]} 18. Nf5 {[%emt 0:34:05]} h4 {[%emt 0:34:54]
Dominguez makes sure as soon as possible that Caruana does not get a chance to
carry out his favourite kingside expansion.} ({However, he could have delayed .
..h5-h4 since after, for instance,} 18... b6 19. g4 $2 {would lead to troubles
for White:} hxg4 20. hxg4 c4 21. Rdd1 (21. Rg3 Bc5 $17 {[%cal Gc5f2,Gc8b7]})
21... Ng5 $17) 19. c4 {[%emt 0:01:06]} b6 {[%emt 0:06:24]} 20. Red1 {[%emt 0:
09:40] There was nothing the rook could threaten on the e-file already.} Rh5 {
[%emt 0:09:33]} 21. Ne3 {[%emt 0:02:31]} Bb7 {[%emt 0:06:54]} 22. Nd5 {[%emt 0:
02:11] White has obtained an active regrouping but as so many times in the
Berlin Black's position is almost impossible to break.} Bg5 {[%emt 0:05:08]
One of the few possible moves. Black avoids Nxe7 and takes the f4-square under
control, anticipating White's N2f4, aiming at exchanging the blocking knight.}
(22... Rc8 $5 23. Nxe7 Kxe7 24. Rd7+ Ke8 $11) 23. f3 {[%emt 0:05:49] Caruana
makes a couple of useful moves before starting the drawish simplifications.} ({
Even with the king on e8, Black's queenside is solid enough after} 23. Nec3 a6
24. a4 Bc6 ({Only not} 24... a5 $2 25. Nb5 Bd8 26. Nxb6 $1 cxb6 27. Nd6+) 25.
a5 b5 26. b3 Kf8 $11) (23. f4 {weakens the white structure without clear
prospects of playing f4-f5 under favourable circumstances.} Be7 ({The engines'
slight favourite is} 23... Bh6 {but I find this a bit speculative. The problem
is that ...g7-g6 is dangerous once the f6-square has lost its defender, while
otherwise Black has to rely on concrete play to stop f4-f5.}) 24. Rf1 g6 $11)
23... Rd8 {[%emt 0:06:59]} 24. Kf2 {[%emt 0:07:35]} Bc6 {[%emt 0:02:38]} 25.
Nef4 {[%emt 0:04:17] Equivalent to a draw offer.} ({While going through the
line} 25. f4 Be7 26. Kf3 {I found an amusing possibility:} f6 27. Kg4 f5+ $1
28. Kxh5 $2 Kf7 $19 {[%cal Gd8h8]}) 25... Bxf4 {[%emt 0:01:49]} 26. Nxf4 {
[%emt 0:00:34]} Rxd3 {[%emt 0:00:36]} 27. Rxd3 {[%emt 0:00:36]} Rf5 {[%emt 0:
04:57]} 28. Nxe6 {[%emt 0:02:56]} fxe6 {[%emt 0:00:34]} 29. Ke1 {[%emt 0:00:45]
} a5 {[%emt 0:01:54]} 30. Re3 {[%emt 0:00:58]} Kf7 {[%emt 0:01:30] The king
hurries to defend the only real weakness - the h4-pawn.} 31. Kd2 {[%emt 0:00:
47] And White hurries to do the same, before the enemy bishop gets to attack
the queenside pawns.} Kg6 {[%emt 0:01:25]} 32. Kc3 {[%emt 0:00:41]} Rf7 {
[%emt 0:00:52]} 33. Rd3 {[%emt 0:01:49]} Rd7 {[%emt 0:00:44]} 34. Rxd7 {
[%emt 0:00:35]} Bxd7 {[%emt 0:00:36]} 35. Bg1 {[%emt 0:00:42]} Kh5 {[%emt 0:02:
28]} 36. Be3 {[%emt 0:00:59]} Be8 {[%emt 0:01:02]} 37. b3 {[%emt 0:00:40]} Bg6
{[%emt 0:00:57]} 38. a4 {[%emt 0:00:44]} Bf5 {[%emt 0:00:43]} 39. Bd2 {[%emt 0:
00:37]} Bg6 {[%emt 0:00:39]} 40. Be3 {[%emt 0:00:00]} Bf5 {[%emt 0:00:00]}
1/2-1/2

[Event "Khanty-Mansiysk FIDE GP"]
[Site "Khanty-Mansiysk"]
[Date "2015.05.15"]
[Round "2"]
[White "Svidler, Peter"]
[Black "Caruana, Fabiano"]
[Result "1/2-1/2"]
[WhiteElo "2734"]
[BlackElo "2803"]
[Annotator "Marin,M"]
[PlyCount "69"]
[EventDate "2015.05.14"]
[EventType "tourn"]
[EventRounds "11"]
[EventCountry "RUS"]
[EventCategory "21"]
[SourceTitle "CBM 167"]
[Source "ChessBase"]
[SourceDate "2015.07.13"]
[SourceVersion "1"]
[SourceVersionDate "2015.07.13"]
[SourceQuality "1"]

1. d4 {[%emt 0:00:37]} Nf6 {[%emt 0:00:37]} 2. c4 {[%emt 0:00:36]} e6 {[%emt 0:
00:34]} 3. Nf3 {[%emt 0:00:51]} d5 {[%emt 0:00:37]} 4. Nc3 {[%emt 0:01:36]} Be7
{[%emt 0:00:37]} 5. Bg5 {[%emt 0:01:30]} h6 {[%emt 0:01:00]} 6. Bh4 {[%emt 0:
00:40]} O-O {[%emt 0:00:44]} 7. e3 {[%emt 0:00:36]} Ne4 {[%emt 0:01:10]} 8.
Bxe7 {[%emt 0:01:50]} Qxe7 {[%emt 0:00:35]} 9. cxd5 {[%emt 0:00:37] The
classical approach, forcing Black to strengthen White's centre at the cost of
clearing the h3-c8 diagonal.} ({The latest annotated game with the fashionable
} 9. Rc1 {was Carlsen,M (2877)-Aronian,L (2805) Saint Louis 2014 CBM 162 
[Krasenkow,M] (1/2-1/2, 84)}) 9... Nxc3 {[%emt 0:00:36]} 10. bxc3 {[%emt 0:00:
34]} exd5 {[%emt 0:00:35]} 11. c4 {[%emt 0:02:31] A rare move.} ({The game
marking a turning point in the history of Lasker's defence, proving the
viability of the apparently premature knight move, went} 11. Qb3 Rd8 12. c4
dxc4 13. Bxc4 Nc6 14. Qc3 ({Much later, Karpov used this variation, too,
giving up his trademark and strategically more ambitious Tartakower system:} 
14. Be2 Na5 15. Qc3 b6 16. O-O Bb7 17. Rfc1 Rac8 18. h3 c5 19. Qa3 Rc7 20. dxc5
Rd5 21. Qb2 Rdxc5 22. Rxc5 Rxc5 {Istratescu,A (2617)-Karpov,A (2674) Bucharest
(match) 2005 (½-½, 34), with chances for a better ending.}) 14... Bg4 15. O-O
Bxf3 16. gxf3 Qf6 17. Be2 Rac8 18. Rab1 b6 19. Rfc1 Ne7 20. Kh1 Rd5 {Karpov,A 
(2755)-Jussupow,A (2610) London 1989 Candidates [Jussupow,A] (½-½, 46), with
a dangerous kingside initiative.}) 11... Be6 {[%emt 0:08:11]} ({Another game
with Karpov on the black side went:} 11... dxc4 12. Bxc4 Nc6 13. O-O Na5 14.
Be2 c5 15. Rc1 cxd4 16. Nxd4 b6 17. Bf3 Bb7 18. Bxb7 Nxb7 19. Nc6 Qe6 20. Qb3
Rfe8 21. Qxe6 Rxe6 22. Nd4 Re7 23. Rc6 Rd8 24. Rfc1 Nc5 $11 {Seirawan,Y (2643)
-Karpov,A (2615) Saint Louis 2012 (1/2-1/2, 34)}) 12. Rc1 {[%emt 0:01:12]} ({
Here, too, the queen incursion offers Black counterplay:} 12. Qb3 Rd8 13. c5 b6
14. Rc1 bxc5 15. Qa3 Nd7 16. Bb5 {Everything looks correct strategically, but
White's underdevelopment prevents him from claiming an advantage.} Rab8 17.
Bxd7 Qxd7 18. Qxc5 Qb5 19. Qxb5 Rxb5 20. O-O Rc8 21. Rc5 Rxc5 22. dxc5 Rb8 23.
Nd4 Rb2 {Malakhatko,V (2610)-Jojua,D (2484) Manama 2009 (½-½, 27), The
control over the only open file at least compensates for White's strategic
advantage in the centre.}) 12... Nd7 {[%emt 0:34:27]} 13. Qb3 {[%emt 0:16:57]
This looks like a good moment to develop the queen, since Black cannot
consolidate the d5-square with ...Rd8 anymore. But White has a tough job
proving an advantage anyway.} c6 {[%emt 0:11:20]} 14. Be2 {[%emt 0:02:04]} Nb6
{[%emt 0:16:43]} 15. cxd5 {[%emt 0:01:13]} Bxd5 {[%emt 0:04:27]} 16. Qb2 {
[%emt 0:00:42]} Na4 {[%emt 0:07:58]} 17. Qd2 {[%emt 0:00:48] White's centre is
not easy to set in motion and Black is quite active. Chances are about equal,
but with such a non-symmetrical structure there is a lot of play left.} b5 $146
{[%emt 0:00:54] An ambitious novelty, aiming to conquer the c3-square with the
knight.} (17... Qa3 {turned out well for Black in the only game reaching this
position. White faces the problem of the hanging a2-pawn.} 18. Bc4 $6 (18. Rc2
{does not achieve much due to} Be4 19. Rc1 Bd5) ({The most principled
continuation is} 18. O-O {, since the pwn is not 100% edible:} Qxa2 19. Rc2 Qb3
(19... Qa3 20. e4 $36 Bxe4 $2 21. Ra2 Qb3 22. Bd1) 20. Ra1 $36 {The exposed
position of the black queen adds to White's Benko Gambit type of queenside
pressure.}) 18... Nb2 19. Be2 Qxa2 ({Avoiding a repetition with} 19... Na4 {
already}) 20. Ne5 Na4 21. Rc2 Qa3 ({Once again, Black was not interested in
repeating moves with} 21... Qa1+ 22. Rc1 Qa2) 22. O-O Qe7 23. Ra1 Nb6 {
Grischuk,A (2810)-Radjabov,T (2734) Beijing 2014 (0-1, 49), White has some
compensation for the pawn, but Black is at least fine.}) 18. Ne5 $5 {[%emt 0:
15:04][%csl Gc6] A daring pawn sacrifice, aiming at stabilising things in the
centre in White's favour.} (18. O-O b4 {is a crowning of Black's strategy.})
18... Rac8 $6 {[%emt 0:02:05] This allows White to consolidate his space
advantage. It is curious that one move after his novelty Caruana played
inaccurately. Had he overlooked Svidler's last move in his home analysis, or
was his novelty just an over the board experiment? Knowing Caruana's
outstanding preparation, none of them is probable, so we have a small paradox.}
(18... Bxg2 $5 19. Rg1 Bd5 20. Bd3 Qh4 21. e4 Qxh2 22. Kf1 Be6 {White surely
has compensation for the pawns (actually he can retrieve one of them on c6)
but the position remains double-edged.}) (18... Qg5 $5) 19. O-O {[%emt 0:05:04]
} b4 {[%emt 0:13:01]} 20. Ba6 $1 {[%emt 0:08:04]} Rc7 {[%emt 0:00:35]} 21. Nd3
{[%emt 0:04:34]} Rb8 {[%emt 0:04:37]} ({After White has taken the bishop out
of the black knight's range, the long awaited} 21... Nc3 $2 {fails to} 22. Nxb4
$1) 22. Nc5 {[%emt 0:01:49]} Nxc5 {[%emt 0:04:45]} 23. Rxc5 $14 {[%emt 0:00:59]
After the knight exchange Black has no compensation for the radical weakening
of his queenside.} Qg5 {[%emt 0:02:19]} 24. g3 {[%emt 0:01:26]} Qg4 {[%emt 0:
02:23]} 25. Bc4 {[%emt 0:05:56]} Bf3 {[%emt 0:01:52] Threatening ...Qh3 with
mate!} 26. Rc1 {[%emt 0:07:29] Now and on the next move White could have used
one of his rooks to weaken Black's control on the light squares.} (26. Re1 $5 {
[%cal Gc4e2]}) 26... Rcb7 {[%emt 0:02:33]} (26... Qh3 27. Bf1 Qe6 28. Bg2 $16)
27. Qd3 {[%emt 0:12:38]} (27. Re5 $5 {[%cal Gc4d3,Gd2c2,Gd3e4]} b3 {There is
no other active plan. Could Svidler have over-estimated it?} 28. axb3 Rxb3 29.
Bf1 (29. Bxb3 $4 Qh3 $19) 29... Rb2 30. Qd3 $14) 27... g6 {[%emt 0:02:57]} (
27... Be4 28. Qd1 Bf3 29. h3 Bxd1 (29... Qe4 30. Bd3) 30. hxg4 Bxg4 (30... Bf3
31. g5 $14) 31. Rxc6 Bf3 32. Rc5 $14) 28. Bb3 {[%emt 0:01:58] Too soft.} ({
Once again the familiar idea} 28. Re5 $1 {would have been quite effective.} Kg7
29. e4 f6 30. Be6 (30. Re6 $16) 30... Be2 31. Qd2 Qf3 32. Rec5 $16) 28... Be4 {
[%emt 0:01:49]} {Black should have made his life easier by simplifying, but
Caruana might have still hoped to deliver mate on g2?!} 29. Qd1 {[%emt 0:02:59]
} Qd7 $6 {[%emt 0:00:34] Black should have made his life easier by simplifying,
but maybe Caruana still hoped to deliver mate on g2?!} (29... Qxd1+ 30. Bxd1
Rb5 {offers good chances for successful defence.}) 30. f3 {[%emt 0:09:39]} Bd5
{[%emt 0:00:32]} 31. e4 {[%emt 0:00:41]} Bxb3 {[%emt 0:00:34]} 32. axb3 {
[%emt 0:00:34]} Rb6 {[%emt 0:00:40]} 33. Qd3 {[%emt 0:03:01]} ({In view of the
line from the next comment,} 33. Qd2 Rd8 34. R1c4 {might have been more
precise.}) 33... Rd8 {[%emt 0:00:55]} 34. d5 $6 {[%emt 0:01:47] Possibly short
of time, Svidler settles for a draw.} (34. R1c4 Ra6 35. Qd2 h5 36. Kg2 $14 {
/+/- White has to be careful about his king, but from a structural point of
view he has an overwhelming advantage.}) 34... cxd5 {[%emt 0:01:21]} 35. Rxd5 {
[%emt 0:04:35]} (35. Rxd5 Rd6 $11) 1/2-1/2